Sports Quiz

Random Sports or Cricket Quiz

ICC T20 Cricket World Cup 2014 Squads Quiz Stats

 Plays Quiz not verified by Sporcle

Score 0/241 Timer 16:00
0 Plays Today
Team Squad % Correct
AustraliaDavid Warner
92.4%
IndiaMS Dhoni
88.9%
IndiaVirat Kohli
86.4%
West IndiesDwayne Smith
85.4%
New ZealandBrendon McCullum
81.8%
New ZealandNathan McCullum
81.8%
IndiaMohit Sharma
81.3%
IndiaRohit Sharma
81.3%
New ZealandRoss Taylor
80.8%
Sri LankaKumar Sangakkara
80.8%
AustraliaMitchell Johnson
80.3%
ZimbabweBrendan Taylor
80.3%
West IndiesChris Gayle
79.8%
IndiaYuvraj Singh
79.3%
New ZealandCorey Anderson
79.3%
EnglandStuart Broad
79.3%
AustraliaAaron Finch
78.8%
Sri LankaMahela Jayawardene
78.3%
South AfricaDale Steyn
77.8%
Hong KongAizaz Khan
77.3%
Hong KongNizakat Khan
77.3%
PakistanSharjeel Khan
77.3%
PakistanJunaid Khan
77.3%
United Arab EmiratesKhurram Khan
77.3%
United Arab EmiratesRohit Singh
77.3%
AustraliaShane Watson
76.8%
EnglandMoeen Ali
76.8%
United Arab EmiratesAmjad Ali
76.3%
South AfricaMorne Morkel
75.3%
South AfricaAlbie Morkel
75.3%
South AfricaHashim Amla
74.7%
IndiaRavichandran Ashwin
73.7%
West IndiesDwayne Bravo
73.7%
IndiaSuresh Raina
73.2%
AustraliaMitchell Starc
72.7%
Sri LankaLasith Malinga
71.7%
EnglandAlex Hales
71.7%
EnglandEoin Morgan
70.7%
AustraliaBrad Haddin
69.2%
IndiaShikhar Dhawan
68.7%
New ZealandTim Southee
68.7%
Sri LankaTillakaratne Dilshan
68.7%
AustraliaGeorge Bailey
68.2%
IndiaRavindra Jadeja
68.2%
BangladeshShakib Al Hasan
68.2%
BangladeshTamim Iqbal
67.7%
IrelandKevin O'Brien
67.2%
IrelandNiall O'Brien
67.2%
PakistanShahid Afridi
67.2%
AustraliaGlenn Maxwell
66.7%
South AfricaAB de Villiers
66.7%
New ZealandKane Williamson
65.7%
EnglandJos Buttler
65.2%
New ZealandTrent Boult
64.6%
ZimbabweSean Williams
64.1%
New ZealandMartin Guptill
62.6%
PakistanKamran Akmal
62.1%
PakistanUmar Akmal
62.1%
Sri LankaAngelo Mathews
62.1%
West IndiesDarren Sammy
62.1%
IndiaBhuvneshwar Kumar
61.6%
South AfricaJean Paul Duminy
61.1%
Sri LankaAjantha Mendis
61.1%
IrelandWilliam Porterfield
59.6%
EnglandRavi Bopara
59.6%
IndiaAjinkya Rahane
57.6%
PakistanUmar Gul
57.1%
Sri LankaDinesh Chandimal
56.6%
Sri LankaKusal Perera
56.6%
Sri LankaThisara Perera
56.6%
PakistanMohammad Hafeez
56.1%
West IndiesSunil Narine
56.1%
PakistanSaeed Ajmal
55.1%
AustraliaJames Faulkner
54.5%
South AfricaImran Tahir
54%
South AfricaDavid Miller
53%
Sri LankaRangana Herath
52.5%
South AfricaFaf du Plessis
51%
BangladeshMashrafe Mortaza
50.5%
EnglandBen Stokes
50.5%
IrelandEd Joyce
50%
Team Squad % Correct
BangladeshMushfiqur Rahim
49.5%
West IndiesMarlon Samuels
49.5%
EnglandJames Tredwell
49.5%
EnglandIan Bell
49%
BangladeshRubel Hossain
48.5%
EnglandMichael Lumb
48.5%
IndiaMohammed Shami
48%
EnglandTim Bresnan
48%
BangladeshAl Amin Hossain
47.5%
BangladeshNasir Hossain
47.5%
PakistanShoaib Malik
46.5%
NetherlandsAhsan Malik
46.5%
Hong KongKinchit Shah
46%
AustraliaBrad Hogg
45.5%
Hong KongIrfan Ahmed
43.9%
EnglandChris Jordan
43.4%
PakistanAhmed Shehzad
42.9%
South AfricaQuinton de Kock
42.9%
West IndiesLendl Simmons
42.9%
AustraliaBrad Hodge
42.4%
IrelandPaul Stirling
42.4%
IrelandGeorge Dockrell
41.4%
Sri LankaNuwan Kulasekara
41.4%
West IndiesDenesh Ramdin
41.4%
AfghanistanMohammad Nabi
41.4%
EnglandJade Dernbach
40.9%
West IndiesAndre Russell
40.4%
ZimbabweShingi Masakadza
40.4%
ZimbabweHamilton Masakadza
40.4%
AustraliaCameron White
39.9%
IndiaAmit Mishra
39.4%
New ZealandLuke Ronchi
39.4%
BangladeshMahmudullah
37.9%
EnglandLuke Wright
37.9%
New ZealandKyle Mills
37.4%
NetherlandsPeter Borren
37.4%
AfghanistanNajibullah Zadran
36.4%
New ZealandJimmy Neesham
35.9%
AfghanistanShapoor Zadran
35.9%
AfghanistanDawlat Zadran
35.9%
Sri LankaLahiru Thirimanne
35.4%
NetherlandsBen Cooper
35.4%
West IndiesSamuel Badree
34.3%
Sri LankaSuranga Lakmal
33.3%
West IndiesJohnson Charles
33.3%
West IndiesRavi Rampaul
31.8%
IndiaVarun Aaron
31.3%
Sri LankaSachithra Senanayake
31.3%
ZimbabweProsper Utseya
31.3%
IndiaStuart Binny
30.3%
BangladeshAnamul Haque
30.3%
BangladeshMominul Haque
30.3%
ZimbabweElton Chigumbura
29.8%
IrelandTim Murtagh
28.8%
South AfricaWayne Parnell
28.8%
EnglandStephen Parry
28.8%
IrelandGary Wilson
28.3%
Sri LankaChaturanga de Silva
28.3%
United Arab EmiratesShadeep Silva
28.3%
AfghanistanMohammad Shahzad
28.3%
BangladeshSabbir Rahman
27.3%
BangladeshShamsur Rahman
27.3%
NetherlandsStephan Myburgh
26.8%
BangladeshAbdur Razzak
26.3%
AustraliaJames Muirhead
25.8%
South AfricaLonwabo Tsotsobe
25.3%
IrelandAlex Cusack
24.7%
PakistanSohail Tanvir
24.7%
New ZealandColin Munro
23.7%
West IndiesKrishmar Santokie
23.7%
West IndiesAndre Fletcher
22.7%
Hong KongJamie Atkinson
21.7%
New ZealandMitchell McClenaghan
21.7%
AfghanistanNawroz Mangal
21.7%
South AfricaFarhaan Behardien
21.2%
South AfricaAaron Phangiso
21.2%
NetherlandsMudassar Bukhari
20.7%
United Arab EmiratesAhmed Raza
20.7%
ZimbabweTinashe Panyangara
20.7%
ZimbabweSikandar Raza
20.7%
AfghanistanMirwais Ashraf
20.7%
Team Squad % Correct
PakistanSohaib Maqsood
19.2%
AfghanistanGulbadin Naib
18.7%
AustraliaNathan Coulter Nile
18.2%
BangladeshSohag Gazi
18.2%
AustraliaDaniel Christian
17.7%
Nepal Paras Khadka
17.7%
United Arab EmiratesShaiman Anwar
17.7%
ZimbabweTendai Chatara
17.2%
ZimbabweVusi Sibanda
17.2%
AfghanistanAsghar Stanikzai
17.2%
IrelandMax Sorensen
16.7%
PakistanBilawal Bhatti
16.7%
NetherlandsWesley Barresi
16.7%
Hong KongMark Chapman
16.2%
AfghanistanSamiullah Shenwari
16.2%
Sri LankaSeekkuge Prasanna
15.7%
NetherlandsPieter Seelaar
15.7%
IrelandAndy McBrine
15.2%
IrelandCraig Young
15.2%
West IndiesSheldon Cottrell
15.2%
AfghanistanAftab Alam
15.2%
PakistanZulfiqar Babar
13.6%
ZimbabweMalcolm Waller
13.6%
IrelandAndrew Poynter
12.6%
South AfricaBeuran Hendricks
12.1%
United Arab EmiratesSwapnil Patil
12.1%
IrelandStuart Thompson
11.6%
NetherlandsMichael Swart
11.1%
United Arab EmiratesAmjad Javed
11.1%
Hong KongBabar Hayat
10.6%
NetherlandsTimm van der Gugten
10.6%
Nepal Shakti Gauchan
10.1%
Hong KongMunir Dar
9.6%
BangladeshFarhad Reza
9.6%
New ZealandRonnie Hira
9.6%
NetherlandsMichael Rippon
9.1%
United Arab EmiratesRohan Mustafa
9.1%
United Arab EmiratesManjula Guruge
8.6%
ZimbabweBrian Vitori
8.6%
AfghanistanShafiqullah
8.6%
Hong KongTanwir Afzal
8.1%
Hong KongHaseeb Amjad
8.1%
PakistanMohammad Talha
7.6%
NetherlandsLogan van Beek
7.6%
AfghanistanHamza Hotak
7.6%
New ZealandAnton Devcich
7.1%
United Arab EmiratesFaizan Asif
7.1%
AfghanistanKarim Sadiq
7.1%
NetherlandsEric Szwarczynski
6.6%
NetherlandsVivian Kingma
6.6%
Nepal Sagar Pun
6.6%
Hong KongWaqas Barkat
6.1%
Nepal Gyanendra Malla
6.1%
Nepal Basant Regmi
5.6%
Hong KongNajeeb Amar
5.1%
IrelandJames Shannon
5.1%
Nepal Sompal Kami
5.1%
ZimbabweNatsai M'shangwe
5.1%
United Arab EmiratesKamran Shazad
4.5%
United Arab EmiratesVikrant Shetty
4.5%
ZimbabweTafadzwa Kamungozi
4.5%
Hong KongEhsan Nawaz
4%
Nepal Subash Khakurel
4%
NetherlandsTim Gruijters
3.5%
Nepal Binod Bhandari
3.5%
ZimbabweTimycen Maruma
3.5%
Hong KongRoy Lamsam
3%
NetherlandsTom Heggelman
3%
United Arab EmiratesMoaaz Qazi
3%
AfghanistanNajeeb Taraki
3%
Nepal Pradeep Airee
2.5%
Nepal Sharad Vesawkar
2.5%
United Arab EmiratesSharif Asadullah
2.5%
Nepal Prithu Baskota
2%
Nepal Avinash Karn
2%
Nepal Jitendra Mukhiya
2%
Nepal Naresh Budayair
1.5%
Nepal Rahul Vishwakarma
1.5%
Hong KongNadeem Ahmed
0%

You're not logged in!

Compare scores with friends on all Sporcle quizzes.
OR
Log In

Show Comments

Extras

Created Mar 11, 2014ReportNominate
Tags:Cricket Quiz, T20 Players

Top Quizzes Today


Score Distribution

Your Account Isn't Verified!

In order to create a playlist on Sporcle, you need to verify the email address you used during registration. Go to your Sporcle Settings to finish the process.

Report this User

Report this user for behavior that violates our Community Guidelines.

Details: